00461nam a2200145Ia 4500003000400000008004100004040001600045082001500061100001800076245010400094260006400198650000900262650002400271650002000295GCL140319s9999 xx 000 0 eng d aGCL / cGCL04a912.4bJ E1 aJOHNS, LOVELL10aTHE EUROPEAN UNION: POLITICAL MAP MEMBER STATES, REGIONS AND ADMINISTRATIVE UNITS / cJOHNS, LOVELL a[S.N] : bTHE OFFICE OFFICIAL PUBLICATIONS OF THE ، c199604aMAPS04aPOLITICAL GEOGRAPHY04aEUROPEAN UNION